00330nam a22000857a 4500008004100000040005500041245006400096260007300160300001100233240730b |||||||| |||| 00| 0 eng d aNational Science LibrarycNational Science Library aContributii la istoria cinematografiei in Romania 1896-1948 aBucuresti: bEditura Academiei Republicii Socialiste Romania, c1971 a234p.